Statistics for Most Famous Person by Decade

Click here to take the quiz!

General Stats

  • This quiz has been taken 66 times
    (28 since last reset)
  • The average score is 22 of 58

Answer Stats

DecadePersonKnown asBorn in (today)% Correct
2000sGreta ThunbergactivistSweden
80%
1990sJustin BiebersingerCanada
72%
1530sElizabeth ImonarchUnited Kingdom
68%
1920sElizabeth IImonarchUnited Kingdom
68%
2010sGeorge of WalesprinceUnited Kingdom
68%
1960sBarack ObamaleaderUnited States
64%
1930sElvis PresleysingerUnited States
64%
1450sLeonardo da VincipolymathItaly
64%
1860sMohandas GandhiactivistIndia
64%
1760sNapoleon BonaparteleaderFrance
60%
1560sWilliam ShakespeareplaywrightUnited Kingdom
60%
1880sAdolf HitlerleaderAustria
56%
1870sAlbert EinsteinphysicistGermany
56%
1890sMao ZedongleaderChina
56%
1940sDonald TrumpleaderUnited States
52%
1770sLudwig van BeethovencomposerGermany
52%
1970sEminemrapperUnited States
48%
1550sHenry IVmonarchFrance
48%
1640sIsaac NewtonscientistUnited Kingdom
48%
1470sMichelangelo BuanarrotiartistItaly
48%
1910sRonald ReaganleaderUnited States
48%
1840sThomas EdisoninventorUnited States
48%
1850sVincent van GoghpainterNetherlands
48%
1730sGeorge WashingtonleaderUnited States
44%
1460sVasco da GamaexplorerPortugal
44%
1750sWolfgang Amadeus MozartcomposerAustria
44%
1680sJohann Sebastian BachcomposerGermany
40%
1820sLeo TolstoywriterRussia
40%
1950sMichael JacksonsingerUnited States
40%
1810sKarl MarxphilosopherGermany
36%
1830sMark TwainwriterUnited States
36%
1480sMartin LuthertheologianGermany
36%
1510sMary ImonarchUnited Kingdom
36%
1600sRembrandt van RijnpainterNetherlands
36%
1900sSalvador DalípainterSpain
36%
1720sImmanuel KantphilosopherRussia
32%
1670sAntonio VivaldicomposerItaly
28%
1800sCharles DarwinbiologistUnited Kingdom
28%
1570sJohannes KeplerastronomerGermany
28%
1980sLady GagasingerUnited States
24%
1540sMiguel de CervanteswriterSpain
24%
1620sMolièreplaywrightFrance
24%
1700sCarl LinnaeustaxonomistSweden
20%
1610sInnocent XIpopeItaly
20%
1740sJohann Wolfgang von GoethewriterGermany
20%
1780sLord ByronpoetUnited Kingdom
20%
1690sVoltairephilosopherFrance
20%
1490sJacques CartierexplorerFrance
16%
1500sJohn CalvintheologianFrance
16%
1630sJohn LockephilosopherUnited Kingdom
16%
1590sRené DescartesphilosopherFrance
16%
1440sSandro BotticellipainterItaly
16%
1520sGiovanni Pierluigi da PalestrinacomposerItaly
12%
1710sJean-Jacques RousseauphilosopherSwitzerland
12%
1790sMichael FaradayphysicistUnited Kingdom
12%
1580sThomas HobbesphilosopherUnited Kingdom
12%
1660sDaniel DefoewriterUnited Kingdom
8%
1650sEdmond HalleyastronomerUnited Kingdom
8%

Score Distribution

Percentile by Number Answered

Percent of People with Each Score

Your Score History

You have not taken this quiz since the last reset